Country Names Containing a Letter - Y - Statistics

General Stats
  • This quiz has been taken 202 times
  • The average score is 15 of 20
Answer Stats
Hint Answer % Correct
1 x Y Yemen
93%
1 x Y Paraguay
89%
1 x Y Uruguay
89%
2 x Y Kyrgyzstan
88%
1 x Y Norway
85%
1 x Y Germany
82%
1 x Y Guyana
80%
1 x Y Italy
80%
1 x Y Myanmar
78%
1 x Y Hungary
76%
1 x Y Turkey
75%
1 x Y Libya
74%
1 x Y Malaysia
73%
1 x Y Syria
73%
1 x Y Egypt
71%
1 x Y Cyprus
66%
1 x Y Kenya
62%
1 x Y Seychelles
58%
1 x Y Vatican City
58%
1 x Y Ivory Coast
53%
No matching quizzes found
Score Distribution
Percent of People with Each Score
Percentile by Number Answered
Your Score History
You have not taken this quiz